|
|
|
|
| LEADER |
01041nam a22002297a 4500 |
| 001 |
AAL7922 |
| 003 |
BD-DhAAL |
| 005 |
20160217100508.0 |
| 008 |
160217s 2013bg ||||| |||| 00| 0 ben d |
| 020 |
|
|
|a 9789848844953
|
| 040 |
|
|
|a BD-DhAAL
|c BD-DhAAL
|
| 082 |
|
|
|a 954.0350924
|
| 245 |
|
|
|a মহাত্না গান্ধী রচনাবলী ২ :
|b দক্ষিন আফ্রিকায় সত্যাগ্রহ /
|c আনুবাদ ও সম্পাদনা জাকির শামীম
|
| 260 |
|
|
|a ঢাকা :
|b নালন্দ ঢাকা,
|c ২০১৩
|
| 300 |
|
|
|a ২৮৫ পৃ. ;
|c ২২ সে.মি.
|
| 541 |
|
|
|e 7922
|
| 600 |
|
|
|a Gandhi, -- Mahatma,
|y 1869-1948.
|9 18026
|
| 700 |
|
|
|a শামীম, জাকির
|9 18027
|
| 852 |
|
|
|a Savar Campus Library
|c General Shelf
|
| 942 |
|
|
|2 ddc
|c BK
|
| 999 |
|
|
|c 36872
|d 36872
|
| 952 |
|
|
|0 0
|1 0
|2 ddc
|4 0
|6 954_035092400000000_MAH
|7 0
|9 58048
|a SCL
|b SCL
|c GEN
|d 2016-02-17
|g 500.00
|l 1
|o 954.0350924 MAH
|p 3020007922
|r 2020-02-13
|s 2020-02-10
|t 1
|w 2016-02-17
|y BK
|